Welcome to CU Library Online Public Access Catalogue (OPAC)

An introduction to collective bargaining and industrial relations / (Record no. 9143)

MARC details
000 -LEADER
fixed length control field 00937cam a22002534a 4500
001 - CONTROL NUMBER
control field 2157598
005 - DATE AND TIME OF LATEST TRANSACTION
control field 20260325112618.0
008 - FIXED-LENGTH DATA ELEMENTS--GENERAL INFORMATION
fixed length control field 990324s2000 maua b 001 0 eng
020 ## - INTERNATIONAL STANDARD BOOK NUMBER
International Standard Book Number 0072286318
Qualifying information acid-free paper
020 ## - INTERNATIONAL STANDARD BOOK NUMBER
International Standard Book Number 9780072286311
Qualifying information (acid-free paper)
050 00 - LIBRARY OF CONGRESS CALL NUMBER
Classification number HD6971.5
Item number .K38 2000
082 00 - DEWEY DECIMAL CLASSIFICATION NUMBER
Classification number 331.89
Edition information 21
100 1# - MAIN ENTRY--PERSONAL NAME
Personal name Katz, Harry C.
Fuller form of name (Harry Charles),
Dates associated with a name 1951-
245 13 - TITLE STATEMENT
Title An introduction to collective bargaining and industrial relations /
Statement of responsibility, etc. Harry C. Katz, Thomas A. Kochan.
250 ## - EDITION STATEMENT
Edition statement 2nd ed.
260 ## - PUBLICATION, DISTRIBUTION, ETC.
Place of publication, distribution, etc. Boston :
Name of publisher, distributor, etc. IRWIN/McGraw-Hill,
Date of publication, distribution, etc. c2000.
300 ## - PHYSICAL DESCRIPTION
Extent xvi, 484 p. :
Other physical details ill. ;
Dimensions 24 cm.
650 #0 - SUBJECT ADDED ENTRY--TOPICAL TERM
Topical term or geographic name entry element Collective bargaining.
650 #0 - SUBJECT ADDED ENTRY--TOPICAL TERM
Topical term or geographic name entry element Industrial relations.
700 1# - ADDED ENTRY--PERSONAL NAME
Personal name Kochan, Thomas A.
856 42 - ELECTRONIC LOCATION AND ACCESS
Materials specified Publisher description
Uniform Resource Identifier <a href="http://www.loc.gov/catdir/description/mh023/99026769.html">http://www.loc.gov/catdir/description/mh023/99026769.html</a>
856 41 - ELECTRONIC LOCATION AND ACCESS
Materials specified Table of contents
Uniform Resource Identifier <a href="http://www.loc.gov/catdir/toc/mh023/99026769.html">http://www.loc.gov/catdir/toc/mh023/99026769.html</a>
942 ## - ADDED ENTRY ELEMENTS (KOHA)
Source of classification or shelving scheme Library of Congress Classification
Koha item type Books
Edition 2nd ed.
Suppress in OPAC No
999 ## -
-- 9143
-- 9143
Holdings
Withdrawn status Lost status Source of classification or shelving scheme Damaged status Not for loan Collection Home library Current library Shelving location Date acquired Total checkouts Full call number Barcode Date last seen Copy number Price effective from Koha item type
    Library of Congress Classification     Non-fiction Business Library (Miotso) Business Library (Miotso) General stacks 03/25/2026   HD6971.5 .K38 2000 BSSM00002972 03/25/2026 1 03/25/2026 Books
    Library of Congress Classification     Non-fiction Business Library (Miotso) Business Library (Miotso) General stacks 03/25/2026   HD6971.5 .K38 2000 BSSM00002973 03/25/2026 2 03/25/2026 Books
© 2023-2024 Copyright: Central University Libraries. All Rights Reserved | Created by: Mahone Tech Office